000 00361nam a2200133Ia 4500
008 231129s9999||||xx |||||||||||||| ||spa||
020 _a84-8276-276-1
040 _bspa
082 _a371.3 V432e
100 _aVelandia S. Aquiles A
245 0 _aEstrategias de estudio a su alcance
264 _aNorma
942 _2ddc
_cBKS
999 _c13585
_d13585